Data mining: concepts and techniques

Saved in:
Bibliografiske detaljer
Main Authors: Han, Jiawei (Author), Kamber, Micheline (Author)
Format: Bog
Sprog:engelsk
Udgivet: San Francisco Morgan Kaufmann 2001
Serier:The Morgan Kaufmann Series in Data Management Systems
Fag:
Tags: Tilføj Tag
Ingen Tags, Vær først til at tagge denne postø!

MARC

LEADER 00000nam a2200000 a 4500
001 UCN6513
003 CL-VaPUC
008 010928e20010000US |||||||||||||||||eng|d
082 0 4 |a 006.3  |b HAN  |2 21 
100 |a Han, Jiawei  |e author  |9 569140 
700 0 |a Kamber, Micheline  |e author  |9 462188 
245 1 0 |a Data mining: concepts and techniques 
300 |a 549 p 
942 |c BK 
945 |d 20010928 00:00:00  |a vberengu 
260 |a San Francisco  |b Morgan Kaufmann  |c 2001 
650 0 |a Bases de datos   |9 260577 
650 0 |a Análisis de la información  |9 306986 
650 0 |a Proceso de datos   |9 259776 
583 |a last modification  |c 20010928 00:00:00  |k Rodrigo Vera 
490 0 |a The Morgan Kaufmann Series in Data Management Systems 
999 |c 297261  |d 297259 
952 |0 0  |1 0  |4 0  |6 006_300000000000000_HAN_2001  |7 0  |8 A  |9 351836  |a BIBGIM  |b BIBGIM  |d 2019-11-21  |i 3757722  |o 006.3 HAN 2001  |p 3757722  |r 2025-01-15  |w 2019-11-21  |y BK  |k EST 
952 |0 0  |1 0  |4 0  |6 006_300000000000000_HAN_2001  |7 0  |8 A  |9 351837  |a BIBING  |b BIBING  |d 2019-11-21  |i 3882861  |o 006.3 HAN 2001  |p 3882861  |r 2025-01-20  |w 2019-11-21  |y BK  |k TRA 
952 |0 0  |1 0  |4 0  |6 006_300000000000000_HAN_2001  |7 0  |8 A  |9 351838  |a FDOPOS  |b FDOPOS  |d 2019-11-21  |i 3977935  |o 006.3 HAN 2001  |p 3977935  |r 2025-01-22  |w 2019-11-21  |y BK  |k MLA